[Event "Ïåðâåíñòâî Ìîñêâû"]
[Site "ÐœÐ¾Ñ�ÐºÐ²Ð°"]
[Date "2017.11.17"]
[Round "7.13"]
[White "Drobin, Maxim"]
[Black "Smelykh, Edvin"]
[Result "0-1"]
[WhiteElo "1634"]
[BlackElo "1861"]
[PlyCount "82"]
[EventDate "2017.11.11"]

1. e4 c5 2. Nf3 e6 3. d4 cxd4 4. Nxd4 a6 5. c4 Qc7 6. Nc3 Nf6 7. a3 d6 8. Be3
Nbd7 9. Be2 Be7 10. O-O O-O 11. f4 b6 12. b4 Bb7 13. Bd3 Rac8 14. Rc1 Qb8 15.
g4 Ne8 16. g5 Nc7 17. Qh5 Rfe8 18. Rf3 g6 19. Qh4 h5 20. Rh3 Qa8 21. Be2 Bf8
22. Bxh5 gxh5 23. Qxh5 Bg7 24. f5 Bxe4 25. f6 Bg6 26. Qh4 Nf8 27. fxg7 Nh7 28.
Rf1 Nd5 29. Nxd5 exd5 30. Rf6 Re4 31. Qh6 Rg4+ 32. Kf1 Bd3+ 33. Ke1 dxc4 34.
Rhf3 Re8 35. Qh3 Rxg5 36. Kf2 Qd5 37. Rh6 Rxe3 38. Rxe3 Qxd4 39. Qc8+ Kxg7 40.
Qh3 Rf5+ 41. Kg2 Bf1+ 0-1

[Event "Ïåðâåíñòâî Ìîñêâû"]
[Site "ÐœÐ¾Ñ�ÐºÐ²Ð°"]
[Date "2017.11.17"]
[Round "7.14"]
[White "Soloviev, Vladislav"]
[Black "Ochirov, Lidzhi"]
[Result "1-0"]
[WhiteElo "1892"]
[BlackElo "1638"]
[PlyCount "71"]
[EventDate "2017.11.11"]

1. d4 Nf6 2. Nf3 d5 3. Bg5 e6 4. Nbd2 Be7 5. e3 Nbd7 6. Bd3 O-O 7. O-O c5 8. c3
b6 9. Ne5 Nxe5 10. dxe5 Nd7 11. Bxe7 Qxe7 12. f4 Bb7 13. Rf3 f6 14. Rh3 g6 15.
Qg4 Rf7 16. Nf3 Re8 17. exf6 Nxf6 18. Qh4 Rg7 19. Ne5 Nh5 20. Qf2 Nf6 21. g4
Nd7 22. Bb5 Bc8 23. g5 a6 24. Bxd7 Bxd7 25. Rd1 Rd8 26. Rg3 Be8 27. h4 Rd6 28.
Rd2 Qf8 29. Qf3 Qf5 30. Kh2 Bf7 31. b3 Be8 32. Rh3 Bf7 33. e4 dxe4 34. Rxd6
Qxe5 35. fxe5 exf3 36. Rd8+ 1-0

[Event "Ïåðâåíñòâî Ìîñêâû"]
[Site "ÐœÐ¾Ñ�ÐºÐ²Ð°"]
[Date "2017.11.17"]
[Round "7.15"]
[White "Makhauri, Eli"]
[Black "Zaitsev, Yuriy"]
[Result "1-0"]
[WhiteElo "1719"]
[BlackElo "1620"]
[PlyCount "87"]
[EventDate "2017.11.11"]

1. d4 Nf6 2. c4 g6 3. Nc3 Bg7 4. e4 d6 5. Nf3 O-O 6. Bd3 e5 7. d5 Nbd7 8. O-O
Nh5 9. Bg5 f6 10. Bh4 a6 11. Rb1 Qe8 12. Re1 Nc5 13. Bc2 f5 14. Nd2 f4 15. f3
h6 16. b4 Nd7 17. Bf2 b6 18. Nb3 Ndf6 19. Ne2 g5 20. h3 Bd7 21. c5 Qd8 22. cxd6
cxd6 23. Nd2 Bb5 24. a4 Be8 25. Nc4 b5 26. axb5 Bxb5 27. Na5 Ng3 28. Nxg3 fxg3
29. Bxg3 Nh5 30. Bf2 Nf4 31. Ba4 Qf6 32. Bxb5 axb5 33. Kh2 h5 34. Rf1 Qg6 35.
g3 Nxh3 36. Kxh3 g4+ 37. fxg4 Qxe4 38. gxh5 Rf3 39. Rb3 Raf8 40. Rxf3 Rxf3 41.
Nc6 Qf5+ 42. Kg2 e4 43. Ne7+ Kf7 44. Nxf5 1-0

[Event "Ïåðâåíñòâî Ìîñêâû"]
[Site "ÐœÐ¾Ñ�ÐºÐ²Ð°"]
[Date "2017.11.17"]
[Round "7.16"]
[White "Trofimov, Boris"]
[Black "Boger, Juri"]
[Result "1/2-1/2"]
[WhiteElo "1603"]
[BlackElo "1641"]
[PlyCount "21"]
[EventDate "2017.11.11"]

1. e4 d6 2. d4 Nf6 3. Bd3 Nbd7 4. Nf3 e5 5. d5 Nc5 6. Be2 a5 7. c4 g6 8. Nc3
Bg7 9. Qc2 h5 10. Be3 O-O 11. O-O {íå ïîíÿòíî} 1/2-1/2

[Event "Ïåðâåíñòâî Ìîñêâû"]
[Site "ÐœÐ¾Ñ�ÐºÐ²Ð°"]
[Date "2017.11.17"]
[Round "7.17"]
[White "Zurabian, Vage"]
[Black "Arbuzov, Timofey"]
[Result "0-1"]
[WhiteElo "1596"]
[BlackElo "1658"]
[PlyCount "54"]
[EventDate "2017.11.11"]

1. e4 c6 2. d4 d5 3. Nc3 dxe4 4. Nxe4 Bf5 5. Ng3 Bg6 6. h4 h6 7. Nf3 Nd7 8. h5
Bh7 9. Bd3 Bxd3 10. Qxd3 e6 11. Bd2 Ngf6 12. O-O-O Be7 13. Kb1 Qc7 14. Ne4
O-O-O 15. g3 Nc5 16. Nxc5 Bxc5 17. Bf4 Bd6 18. Bxd6 Rxd6 19. Qa3 Kb8 20. Qe3
Rhd8 21. c3 Rd5 22. Ne5 c5 23. Qf4 c4 24. g4 Rb5 25. Rhe1 Nd5 26. Qf3 f6 27.
Ng6 Rd6 {íå ïîíÿòíî} 0-1

[Event "Ïåðâåíñòâî Ìîñêâû"]
[Site "ÐœÐ¾Ñ�ÐºÐ²Ð°"]
[Date "2017.11.17"]
[Round "7.18"]
[White "Kireev, Igor"]
[Black "Knjazev, Artem"]
[Result "1/2-1/2"]
[WhiteElo "1707"]
[BlackElo "1612"]
[PlyCount "105"]
[EventDate "2017.11.11"]

1. e4 c5 2. Nf3 e6 3. d4 cxd4 4. Nxd4 Nf6 5. Nc3 Bb4 6. f3 e5 7. Nf5 O-O 8. Nd6
Qc7 9. Ndb5 Qc6 10. a3 Ba5 11. b4 Bb6 12. Nd5 a5 13. Bb2 Nxd5 14. exd5 Qh6 15.
Qd2 Be3 16. Qc3 axb4 17. axb4 Rxa1+ 18. Bxa1 Bd4 19. Nxd4 Qc1+ 20. Kf2 exd4 21.
Qxd4 Qxc2+ 22. Be2 f6 23. d6 Nc6 24. Qc4+ Qxc4 25. Bxc4+ Kh8 26. b5 Na5 27. Bd5
b6 28. Bc3 Nb7 29. Bb4 Re8 30. Re1 Rxe1 31. Kxe1 g6 32. Kd2 Kg7 33. Kd3 Nd8 34.
f4 Nb7 35. Kc4 h6 36. g3 Nd8 37. g4 Nf7 38. h3 Nd8 39. f5 gxf5 40. gxf5 Nb7 41.
h4 Nd8 42. Bc3 Nb7 43. Bxb7 Bxb7 44. Bd4 Be4 45. Bxb6 Bxf5 46. Bg1 Kf7 47. Kc5
Bd3 48. h5 Be2 49. Be3 Bxh5 50. Bxh6 Ke6 51. Bf4 Be2 52. b6 Ba6 53. Kd4 1/2-1/2

[Event "Ïåðâåíñòâî Ìîñêâû"]
[Site "ÐœÐ¾Ñ�ÐºÐ²Ð°"]
[Date "2017.11.17"]
[Round "7.19"]
[White "Kalita, Daniil"]
[Black "Shekun, Ilya"]
[Result "1-0"]
[WhiteElo "1539"]
[BlackElo "1194"]
[PlyCount "61"]
[EventDate "2017.11.11"]

1. d4 Nf6 2. c4 g6 3. Nc3 d5 4. cxd5 Nxd5 5. e4 Nxc3 6. bxc3 c5 7. Bc4 Bg7 8.
Ne2 cxd4 9. cxd4 Nc6 10. Bb2 O-O 11. O-O e6 12. Qd2 Na5 13. Rac1 Nxc4 14. Rxc4
Bd7 15. Ba3 Re8 16. Rd1 Bb5 17. Rcc1 Qh4 18. Nc3 Ba6 19. g3 Qd8 20. Qe3 Bc4 21.
Na4 b5 22. Nc5 Rc8 23. Nb7 Qb6 24. Nd6 Rcd8 25. Bc5 Qc7 26. Nxe8 Rxe8 27. a4 a6
28. axb5 axb5 29. Ra1 Qc6 30. Qf4 e5 31. d5 {íå ïîíÿòíî} 1-0

[Event "Ïåðâåíñòâî Ìîñêâû"]
[Site "ÐœÐ¾Ñ�ÐºÐ²Ð°"]
[Date "2017.11.17"]
[Round "7.20"]
[White "Nikulshin, Alexey"]
[Black "Gubanov, Timofey"]
[Result "0-1"]
[WhiteElo "1437"]
[BlackElo "1538"]
[PlyCount "58"]
[EventDate "2017.11.11"]

1. e4 c5 2. c3 d5 3. e5 Bf5 4. d4 h6 5. Bd3 Bxd3 6. Qxd3 e6 7. Nf3 Nc6 8. a3
Nge7 9. b4 cxd4 10. cxd4 Nf5 11. O-O Be7 12. Nc3 Rc8 13. Bf4 g5 14. Be3 h5 15.
Na4 g4 16. Nd2 h4 17. Nc5 b6 18. Na6 Bg5 19. Bxg5 Qxg5 20. Rac1 Ke7 21. Nb3 h3
22. g3 Ncxd4 23. Rxc8 Nf3+ 24. Kh1 Rxc8 25. Qe2 Rc4 26. Nb8 N5d4 27. Nxd4 Nxd4
28. Qd1 Qxe5 29. Na6 Nf3 0-1

[Event "Ïåðâåíñòâî Ìîñêâû"]
[Site "ÐœÐ¾Ñ�ÐºÐ²Ð°"]
[Date "2017.11.17"]
[Round "7.21"]
[White "Karlov, Egor"]
[Black "Pavlov, Ivan"]
[Result "1/2-1/2"]
[WhiteElo "1857"]
[BlackElo "1494"]
[PlyCount "71"]
[EventDate "2017.11.11"]

1. d4 e6 2. c4 d5 3. Nc3 Nf6 4. Nf3 Nbd7 5. Bf4 dxc4 6. e3 Nd5 7. Bg5 f6 8. Bh4
Nxc3 9. bxc3 b5 10. Be2 Be7 11. Nd2 O-O 12. Bf3 Rb8 13. O-O Bb7 14. Bxb7 Rxb7
15. Rb1 Rb6 16. Qc2 f5 17. Bxe7 Qxe7 18. e4 Rbb8 19. Rfe1 f4 20. e5 a6 21. a4
c6 22. Qe4 Rbc8 23. Ra1 Nb6 24. axb5 axb5 25. Qc2 c5 26. Ne4 cxd4 27. cxd4 b4
28. Nd6 Rc6 29. Qe4 Qd7 30. Ra7 Rc7 31. Ra5 Nc8 32. Ra6 Nxd6 33. Rxd6 Qe7 34.
d5 exd5 35. Qxd5+ Kh8 36. Rd1 {íå ïîíÿòíî} 1/2-1/2

[Event "Ïåðâåíñòâî Ìîñêâû"]
[Site "ÐœÐ¾Ñ�ÐºÐ²Ð°"]
[Date "2017.11.17"]
[Round "7.22"]
[White "Presnyakov, Oleg"]
[Black "Gornostaev, Yakov"]
[Result "1-0"]
[WhiteElo "1403"]
[BlackElo "1570"]
[PlyCount "109"]
[EventDate "2017.11.11"]

1. e4 e5 2. Nf3 Nf6 3. Nc3 Nc6 4. Bc4 Bc5 5. d3 h6 6. h3 d6 7. Na4 Bb6 8. O-O
g5 9. Nh2 Qe7 10. Nxb6 axb6 11. f3 Rg8 12. Ng4 Rg6 13. Bd2 h5 14. Nxf6+ Qxf6
15. g4 Rg8 16. a3 Bd7 17. b4 Ke7 18. Rf2 Rh8 19. Qf1 Nd4 20. Bc3 Ne6 21. Bxe6
Bxe6 22. Bd2 Rag8 23. Qg2 Qg6 24. Kf1 hxg4 25. fxg4 Rh4 26. Ke2 Rgh8 27. Rh1 f6
28. Rhf1 Rf8 29. Ke1 Qg7 30. Rf3 Rh6 31. Rh1 Rfh8 32. Rhf1 Rg6 33. Rh1 Rh4 34.
Kd1 Qh8 35. Rg3 Rh7 36. Kc1 Qa8 37. Kb2 Qc8 38. Rf1 Rh4 39. Rgf3 Rh8 40. Qf2
Qf8 41. Qg2 Qg7 42. Rg3 Rf8 43. Rgf3 d5 44. Re3 d4 45. Ref3 c5 46. R1f2 Bg8 47.
Rf1 Qf7 48. Ra1 Rc8 49. h4 gxh4 50. g5 Qe6 51. gxf6+ Kf7 52. Qf2 c4 53. c3 cxd3
54. Rg1 Qa2+ 55. Kxa2 1-0

[Event "Ïåðâåíñòâî Ìîñêâû"]
[Site "ÐœÐ¾Ñ�ÐºÐ²Ð°"]
[Date "2017.11.17"]
[Round "7.23"]
[White "Khromov, Pavel"]
[Black "Akopjan, Gor"]
[Result "0-1"]
[WhiteElo "1368"]
[BlackElo "1465"]
[PlyCount "108"]
[EventDate "2017.11.11"]

1. e4 c5 2. Nf3 d6 3. d4 cxd4 4. Nxd4 Nf6 5. Nc3 a6 6. f3 e6 7. Be3 Be7 8. Qd2
b5 9. g4 Bb7 10. O-O-O O-O 11. h4 Nc6 12. h5 Nxd4 13. Bxd4 d5 14. e5 Nd7 15.
Bd3 Bc5 16. Bxc5 Nxc5 17. Qf2 Nxd3+ 18. Rxd3 Qc7 19. f4 Qe7 20. Rh2 Rfc8 21. g5
Rc4 22. Kb1 Rac8 23. Rd2 Qc5 24. Qxc5 R8xc5 25. Ne2 Re4 26. b3 b4 27. Rf2 a5
28. Rd4 Re3 29. h6 Ba6 30. Nc1 gxh6 31. gxh6 Rh3 32. Rg2+ Kf8 33. Rdd2 Rxh6 34.
Rh2 Rxh2 35. Rxh2 Kg8 36. Rg2+ Kh8 37. Rh2 Rc3 38. Rf2 Re3 39. Kb2 h6 40. a3
Kh7 41. Na2 Re4 42. axb4 axb4 43. c3 bxc3+ 44. Nxc3 Rd4 45. Na4 Bb5 46. Nc3 Bc6
47. Ne2 Rd2+ 48. Kc1 Rd3 49. Kc2 Rh3 50. Nd4 Bd7 51. b4 Ra3 52. b5 Ra2+ 53. Kc3
Rxf2 54. b6 Bc8 0-1

[Event "Ïåðâåíñòâî Ìîñêâû"]
[Site "ÐœÐ¾Ñ�ÐºÐ²Ð°"]
[Date "2017.11.17"]
[Round "7.24"]
[White "Ratataev, Ilya"]
[Black "Morozov, Fedor"]
[Result "0-1"]
[WhiteElo "1453"]
[BlackElo "1607"]
[PlyCount "21"]
[EventDate "2017.11.11"]

1. e4 e6 2. d4 d5 3. Nd2 dxe4 4. Nxe4 Nd7 5. Ne2 Ngf6 6. Nc5 Be7 7. g3 O-O 8.
Bg2 Nd5 9. O-O N7f6 {íå ïîíÿòíî} 10. Re1 Nc3 11. f3 0-1

[Event "Ïåðâåíñòâî Ìîñêâû"]
[Site "ÐœÐ¾Ñ�ÐºÐ²Ð°"]
[Date "2017.11.17"]
[Round "7.25"]
[White "Sakhin, Leonid"]
[Black "Zagorskii, Artem"]
[Result "0-1"]
[WhiteElo "1579"]
[BlackElo "1612"]
[PlyCount "82"]
[EventDate "2017.11.11"]

1. e4 d5 2. exd5 Nf6 3. d4 Nxd5 4. c4 Nb6 5. Nf3 g6 6. Be2 Bg7 7. O-O O-O 8.
Nc3 Nc6 9. d5 Ne5 10. Nxe5 Bxe5 11. Bh6 Re8 12. Qd2 e6 13. dxe6 Bxe6 14. b3
Qxd2 15. Bxd2 Rad8 16. Be1 Bf5 17. Rd1 Rxd1 18. Nxd1 Bg7 19. Ne3 Bb1 20. a3 Ba2
21. Bd1 Bb1 22. Be2 f5 23. g3 Be4 24. Bb4 Rd8 25. Re1 Bh6 26. Bf1 Kf7 27. h4
Nd7 28. Bg2 Nf6 29. Bf1 c6 30. Kh2 Bxe3 31. fxe3 Bc2 32. Rc1 Bxb3 33. Rc3 Bd1
34. Ba5 b6 35. Bb4 c5 36. Bxc5 bxc5 37. Rc1 Ng4+ 38. Kg1 Bf3 39. Rb1 Rd2 40.
Rb5 Rh2 41. Bg2 Rxg2+ 0-1

[Event "Ïåðâåíñòâî Ìîñêâû"]
[Site "ÐœÐ¾Ñ�ÐºÐ²Ð°"]
[Date "2017.11.17"]
[Round "7.26"]
[White "Ivanov, Stepan"]
[Black "Kolobov, Dmitriy"]
[Result "1-0"]
[WhiteElo "1580"]
[BlackElo "1514"]
[PlyCount "30"]
[EventDate "2017.11.11"]

1. d4 Nf6 2. Nf3 e6 3. e3 b6 4. Bd3 Bb7 5. O-O Be7 6. c4 O-O 7. Nc3 d6 8. e4 c5
9. d5 exd5 10. exd5 a6 11. a4 Re8 12. Re1 Nbd7 13. Bf4 h6 14. Qd2 b5 15. h3 Nf8
{íå ïîíÿòíî} 1-0

[Event "Ïåðâåíñòâî Ìîñêâû"]
[Site "ÐœÐ¾Ñ�ÐºÐ²Ð°"]
[Date "2017.11.18"]
[Round "8.6"]
[White "Zakirov, Artur"]
[Black "Kirchei, Viktoriia"]
[Result "1-0"]
[WhiteElo "1833"]
[BlackElo "1808"]
[PlyCount "49"]
[EventDate "2017.11.11"]

1. e4 e6 2. d4 d5 3. Nc3 Nf6 4. Bg5 Be7 5. e5 Nfd7 6. h4 a6 7. Qg4 f5 8. Qh5+
g6 9. Qh6 Bxg5 10. hxg5 Qe7 11. Nge2 c5 12. Nf4 cxd4 13. Nxg6 Qb4 14. Nxh8 Nf8
15. Qh5+ Kd8 16. Qh4 Kc7 17. O-O-O Nc6 18. a3 Qc5 19. Ne2 b5 20. Nxd4 b4 21.
Rh3 bxa3 22. Rxa3 Nb4 23. Qg3 Kd8 24. Qc3 Qxc3 25. bxc3 1-0

[Event "Ïåðâåíñòâî Ìîñêâû "]
[Site "ÐœÐ¾Ñ�ÐºÐ²Ð°"]
[Date "2017.11.18"]
[Round "8.7"]
[White "Ivlev, Aleksandr"]
[Black "Lukyanenko, Artemiy"]
[Result "1/2-1/2"]
[WhiteElo "1716"]
[BlackElo "1754"]
[PlyCount "58"]
[EventDate "2017.11.11"]

1. Nf3 g6 2. d4 d6 3. e3 Bg7 4. Be2 Nd7 5. O-O e5 6. c3 Ne7 7. b3 exd4 8. exd4
O-O 9. Bb2 Nc6 10. c4 Nb6 11. Re1 Bg4 12. Na3 Qf6 13. Nc2 Rae8 14. Qd3 Qf5 15.
Qxf5 Bxf5 16. Ne3 Be4 17. Rad1 Re7 18. Nh4 Rfe8 19. Rd2 Bxg2 20. Nhxg2 Re4 21.
f3 R4e7 22. Kf2 a5 23. a3 Kf8 24. Bc3 a4 25. b4 Rd7 26. Bb2 Rdd8 27. Nf4 Ne7
28. Red1 d5 29. c5 Nbc8 {íå ïîíÿòíî} 1/2-1/2

[Event "Ïåðâåíñòâî Ìîñêâû"]
[Site "ÐœÐ¾Ñ�ÐºÐ²Ð°"]
[Date "2017.11.18"]
[Round "8.8"]
[White "Pak, Nikita"]
[Black "Plaksin, Igor"]
[Result "1/2-1/2"]
[WhiteElo "1710"]
[BlackElo "1720"]
[PlyCount "52"]
[EventDate "2017.11.11"]

1. e4 e5 2. Nf3 Nc6 3. Bc4 Nf6 4. d3 h6 5. c3 d6 6. Nbd2 g6 7. Nf1 Bg7 8. Bb3
Qe7 9. Ng3 Be6 10. O-O O-O 11. Ne1 d5 12. f4 exf4 13. Bxf4 dxe4 14. dxe4 Rfe8
15. Bxe6 Qxe6 16. Bxc7 Nxe4 17. Nxe4 Qxe4 18. Qb3 Qe7 19. Bg3 Be5 20. Bxe5 Nxe5
21. Nc2 Nd3 22. Rf3 Ne5 23. Rff1 Nd3 24. Rf3 Ne5 25. Rff1 Nd3 26. Rf3 Ne5
1/2-1/2

[Event "Ïåðâåíñòâî Ìîñêâû "]
[Site "ÐœÐ¾Ñ�ÐºÐ²Ð°"]
[Date "2017.11.18"]
[Round "8.9"]
[White "Soloviev, Vladislav"]
[Black "Tarasov, Danila"]
[Result "0-1"]
[WhiteElo "1892"]
[BlackElo "1853"]
[PlyCount "61"]
[EventDate "2017.11.11"]

1. d4 d5 2. c4 Nc6 3. Nf3 e5 4. dxe5 d4 5. Nbd2 Qe7 6. a3 Bg4 7. b4 Nxe5 8.
Nxe5 Qxe5 9. Bb2 O-O-O 10. h3 Qh5 11. Rg1 Be6 12. g4 Qg6 13. Bg2 Be7 14. Qa4
Kb8 15. O-O-O Nf6 16. Qb5 Bc8 17. c5 c6 18. Qd3 Qxd3 19. exd3 h5 20. Rde1 Rhe8
21. g5 Nd5 22. Bxd5 Rxd5 23. Re4 g6 24. Ree1 Be6 25. Nf3 Bxg5+ 26. Nxg5 Rxg5
27. Bxd4 Rd5 28. h4 Red8 29. Bf6 R8d7 30. d4 Bf5 31. Re5 {íå ïîíÿòíî} 0-1

[Event "Ïåðâåíñòâî Ìîñêâû "]
[Site "ÐœÐ¾Ñ�ÐºÐ²Ð°"]
[Date "2017.11.18"]
[Round "8.10"]
[White "Makhauri, Eli"]
[Black "Lupolov, Boris"]
[Result "0-1"]
[WhiteElo "1719"]
[BlackElo "1847"]
[PlyCount "78"]
[EventDate "2017.11.11"]

1. d4 Nf6 2. c4 e6 3. Nc3 Bb4 4. Bd2 b6 5. a3 Be7 6. Nf3 Bb7 7. e3 O-O 8. Be2
d6 9. Qc2 Nbd7 10. O-O c5 11. Rad1 cxd4 12. Nxd4 a6 13. f3 Qc7 14. Rc1 Rac8 15.
b4 Rfd8 16. Qb3 Qb8 17. Rfd1 d5 18. cxd5 exd5 19. f4 Bf8 20. Bf3 Ne4 21. Nxe4
dxe4 22. Rxc8 Rxc8 23. Be2 Nf6 24. Bc4 Rc7 25. b5 a5 26. Nc6 Bxc6 27. bxc6 Qe8
28. Bb5 Bc5 29. Rc1 Qe7 30. a4 Ne8 31. Qd5 Nf6 32. Qc4 Ng4 33. Qc2 Nf6 34. Qc4
Qd6 35. Qc2 Nd5 36. g3 Rc8 37. Kg2 Rd8 38. Rd1 Bxe3 39. Bxe3 Nxe3+ 0-1

[Event "Ïåðâåíñòâî Ìîñêâû "]
[Site "ÐœÐ¾Ñ�ÐºÐ²Ð°"]
[Date "2017.11.18"]
[Round "8.11"]
[White "Kurus, Artem"]
[Black "Smelykh, Edvin"]
[Result "1/2-1/2"]
[WhiteElo "1829"]
[BlackElo "1861"]
[PlyCount "107"]
[EventDate "2017.11.11"]

1. Nf3 Nf6 2. d4 e6 3. c4 b6 4. Bg5 Be7 5. Nc3 Bb7 6. e3 Ne4 7. Nxe4 Bxe4 8.
Bxe7 Qxe7 9. Qd2 O-O 10. Bd3 Bxd3 11. Qxd3 Qb4+ 12. Qc3 Qxc3+ 13. bxc3 f5 14.
Ke2 d6 15. Ng5 Re8 16. Rab1 Nd7 17. d5 Nc5 18. Nxe6 Nxe6 19. dxe6 Rxe6 20. Kd3
Rae8 21. Rhe1 Kf7 22. Rb5 g6 23. Rd5 Re5 24. Rd1 Ke6 25. Kc2 Kd7 26. R1d4 Kc6
27. Kb3 Re4 28. Rxe4 Rxe4 29. Rd4 Kd7 30. Rxe4 fxe4 31. f4 exf3 32. gxf3 g5 33.
Kc2 Ke6 34. Kd3 Ke5 35. Ke2 Kf5 36. Kf2 c6 37. Kg3 d5 38. cxd5 cxd5 39. h4 h6
40. hxg5 hxg5 41. Kf2 Ke5 42. Ke2 Kf5 43. Kd3 Ke5 44. c4 Ke6 45. Kd4 dxc4 46.
Kxc4 a6 47. Kd4 Kd6 48. Ke4 Ke6 49. Kd4 Kd6 50. Kc4 Ke5 51. f4+ gxf4 52. exf4+
Kxf4 53. Kd5 b5 54. Kd4 1/2-1/2

[Event "Ïåðâåíñòâî Ìîñêâû"]
[Site "ÐœÐ¾Ñ�ÐºÐ²Ð°"]
[Date "2017.11.18"]
[Round "8.12"]
[White "Trofimov, Boris"]
[Black "Zhuk, Kirill"]
[Result "0-1"]
[WhiteElo "1603"]
[BlackElo "2035"]
[PlyCount "55"]
[EventDate "2017.11.11"]

1. e4 e5 2. Nf3 Nc6 3. Bb5 Nf6 4. Nc3 Bc5 5. d3 d6 6. h3 h6 7. Be3 Bb6 8. Nd5
Bd7 9. Nxb6 axb6 10. O-O O-O 11. a3 Ne7 12. Bc4 Ng6 13. Nd2 Be6 14. f4 exf4 15.
Bxf4 Nxf4 16. Rxf4 Bxc4 17. Nxc4 d5 18. Nd2 dxe4 19. Nxe4 Qd4+ 20. Kh1 Nxe4 21.
Rxe4 Qxb2 22. Rb4 Qe5 23. Re4 Qd6 24. h4 Rfe8 25. Qf3 Rxe4 26. Qxe4 Qe6 27.
Qxe6 fxe6 28. Re1 {íå ïîíÿòíî} 0-1

[Event "Ïåðâåíñòâî Ìîñêâû "]
[Site "ÐœÐ¾Ñ�ÐºÐ²Ð°"]
[Date "2017.11.18"]
[Round "8.13"]
[White "Levkin, Lev"]
[Black "Drobin, Maxim"]
[Result "1/2-1/2"]
[WhiteElo "1812"]
[BlackElo "1634"]
[PlyCount "87"]
[EventDate "2017.11.11"]

1. d4 d5 2. c4 e6 3. Nc3 Be7 4. Nf3 Nf6 5. cxd5 exd5 6. Bf4 c6 7. e3 Nh5 8. Be5
Nd7 9. Be2 Nxe5 10. dxe5 g6 11. O-O Ng7 12. Rb1 Bf5 13. Bd3 Bxd3 14. Qxd3 Ne6
15. b4 a6 16. a4 O-O 17. Rfd1 Qc7 18. Rdc1 Qd7 19. e4 Nf4 20. Qe3 Qg4 21. g3
Nh3+ 22. Kg2 d4 23. Qh6 Bg5 24. Qxh3 Qxh3+ 25. Kxh3 Bxc1 26. Nxd4 Bh6 27. f4
Rfd8 28. Nce2 Bf8 29. g4 c5 30. bxc5 Bxc5 31. Nf3 Rd3 32. Kg2 b6 33. f5 Rad8
34. Nf4 Ra3 35. Nd5 Rxa4 36. e6 fxe6 37. fxe6 Kg7 38. Ng5 h6 39. Nf7 Re8 40.
Rf1 Rxe6 41. Nd8 Rd6 42. Rf7+ Kh8 43. Rf8+ Kg7 44. Rf7+ 1/2-1/2

[Event "Ïåðâåíñòâî Ìîñêâû "]
[Site "ÐœÐ¾Ñ�ÐºÐ²Ð°"]
[Date "2017.11.18"]
[Round "8.14"]
[White "Gubanov, Timofey"]
[Black "Agabekov, Saveliy"]
[Result "0-1"]
[WhiteElo "1538"]
[BlackElo "1830"]
[PlyCount "78"]
[EventDate "2017.11.11"]

1. c4 d6 2. Nc3 e5 3. g3 Nf6 4. Bg2 Nbd7 5. e3 Be7 6. Nge2 O-O 7. O-O c6 8. Rb1
a5 9. a3 Qc7 10. b4 Re8 11. b5 Nf8 12. Qa4 Bd7 13. d3 Ne6 14. d4 Rec8 15. b6
Qd8 16. Qc2 g6 17. f4 exd4 18. exd4 Ng7 19. Qd1 Bf5 20. Rb2 d5 21. c5 Qd7 22.
Re1 Re8 23. Kh1 Bf8 24. Ng1 Ne4 25. Nxe4 Bxe4 26. Rbe2 Nf5 27. Bb2 Bg7 28. Bf3
Re7 29. Kg2 Rae8 30. h3 Bxf3+ 31. Kxf3 Rxe2 32. Rxe2 Re4 33. Kf2 Bxd4+ 34. Bxd4
Rxd4 35. Qa1 Re4 36. Rxe4 dxe4 37. Ne2 Qd5 38. Qc3 e3+ 39. Kg1 Qd1+ 0-1

[Event "Ïåðâåíñòâî Ìîñêâû "]
[Site "ÐœÐ¾Ñ�ÐºÐ²Ð°"]
[Date "2017.11.18"]
[Round "8.15"]
[White "Arbuzov, Timofey"]
[Black "Kalita, Daniil"]
[Result "1-0"]
[WhiteElo "1658"]
[BlackElo "1539"]
[PlyCount "41"]
[EventDate "2017.11.11"]

1. e4 e5 2. Bc4 Nf6 3. d3 Bc5 4. Nc3 d6 5. f4 Bxg1 6. Rxg1 c6 7. Qf3 Qb6 8. Rf1
h6 9. fxe5 dxe5 10. Qg3 Kf8 11. Qxe5 Qd8 12. Be3 b6 13. Qf4 Qe7 14. e5 Nd5 15.
Nxd5 cxd5 16. Bxd5 Bb7 17. Qxf7+ Qxf7 18. Rxf7+ Ke8 19. Rxb7 Nd7 20. Bc6 Rd8
21. e6 1-0

[Event "Ïåðâåíñòâî Ìîñêâû "]
[Site "ÐœÐ¾Ñ�ÐºÐ²Ð°"]
[Date "2017.11.18"]
[Round "8.16"]
[White "Boger, Juri"]
[Black "Vinokur, Leonid"]
[Result "0-1"]
[WhiteElo "1641"]
[BlackElo "1703"]
[PlyCount "78"]
[EventDate "2017.11.11"]

1. e4 e6 2. d3 d5 3. Nd2 Bc5 4. Ngf3 Nf6 5. e5 Nfd7 6. c3 Be7 7. g3 c5 8. d4
Nc6 9. a3 a5 10. Bb5 Qb6 11. Qa4 Qc7 12. O-O Nb6 13. Qd1 Bd7 14. Qe2 Na7 15.
Bxd7+ Nxd7 16. Re1 Nc6 17. Nf1 Rb8 18. Be3 b5 19. Rac1 c4 20. Bg5 Bf8 21. Nh4
h6 22. Qh5 Ne7 23. Bxe7 Bxe7 24. f4 Nf8 25. f5 Bxh4 26. gxh4 g6 27. fxg6 Nxg6
28. Ne3 Qe7 29. Ng2 b4 30. axb4 axb4 31. Rf1 bxc3 32. bxc3 Rb2 33. Rf6 Rg8 34.
Rf2 Qa3 35. Rcf1 Nf4 36. Rxb2 Qxb2 37. Qf3 Rxg2+ 38. Kh1 Rxh2+ 39. Kg1 Nh3+ 0-1

[Event "Ïåðâåíñòâî Ìîñêâû "]
[Site "ÐœÐ¾Ñ�ÐºÐ²Ð°"]
[Date "2017.11.18"]
[Round "8.17"]
[White "Knjazev, Artem"]
[Black "Zlotin, Grigori"]
[Result "0-1"]
[WhiteElo "1612"]
[BlackElo "1479"]
[PlyCount "84"]
[EventDate "2017.11.11"]

1. e4 c5 2. Nf3 Nc6 3. d4 cxd4 4. Nxd4 g6 5. Nc3 Bg7 6. Nxc6 bxc6 7. Bc4 d6 8.
O-O Nf6 9. Bf4 Nh5 10. Be3 Nf6 11. Qd2 O-O 12. Rad1 Bb7 13. Bh6 Qb6 14. Bxg7
Kxg7 15. Rfe1 Rad8 16. Bb3 Rfe8 17. Qe2 e5 18. Rd3 Ba6 19. Na4 Bxd3 20. Qxd3
Qc7 21. Nc3 Nd7 22. Na4 Nf6 23. Nc3 Rd7 24. Rd1 Red8 25. Qe2 d5 26. exd5 Nxd5
27. Nxd5 cxd5 28. Qf3 d4 29. Qe2 f5 30. g4 Rf8 31. gxf5 gxf5 32. Qh5 Rf6 33. f3
e4 34. Kh1 Qf4 35. Rf1 Rg6 36. Ba4 Rdd6 37. Be8 Rgf6 38. Rg1+ Kh8 39. Bf7 Rd8
40. Rg3 Rh6 41. Qg5 Qxg5 42. Rxg5 Rf6 0-1

[Event "Ïåðâåíñòâî Ìîñêâû "]
[Site "ÐœÐ¾Ñ�ÐºÐ²Ð°"]
[Date "2017.11.18"]
[Round "8.18"]
[White "Akopjan, Gor"]
[Black "Kireev, Igor"]
[Result "0-1"]
[WhiteElo "1465"]
[BlackElo "1707"]
[PlyCount "46"]
[EventDate "2017.11.11"]

1. e4 e5 2. Nf3 Nc6 3. Bb5 a6 4. Ba4 Nf6 5. O-O Be7 6. Re1 b5 7. Bb3 O-O 8. c3
d5 9. exd5 Nxd5 10. Nxe5 Nxe5 11. Rxe5 c6 12. d4 Bd6 13. Re1 Qh4 14. g3 Qh3 15.
Qf3 Bg4 16. Qg2 Qh5 17. Bxd5 cxd5 18. Re3 Rae8 19. Rxe8 Rxe8 20. Be3 Bh3 21. g4
Qh4 22. Qf3 Bxh2+ 23. Kxh2 Bxg4+ 0-1

[Event "Ïåðâåíñòâî Ìîñêâû "]
[Site "ÐœÐ¾Ñ�ÐºÐ²Ð°"]
[Date "2017.11.18"]
[Round "8.19"]
[White "Zaitsev, Yuriy"]
[Black "Presnyakov, Oleg"]
[Result "1-0"]
[WhiteElo "1620"]
[BlackElo "1403"]
[PlyCount "95"]
[EventDate "2017.11.11"]

1. e4 c5 2. Nc3 d6 3. g3 g6 4. Bg2 Bg7 5. d3 Nc6 6. f4 e6 7. Nf3 Nge7 8. O-O
O-O 9. Be3 Rb8 10. e5 Nf5 11. Bf2 b6 12. exd6 Nxd6 13. Re1 Bb7 14. Rb1 Qc7 15.
Ne4 Rbd8 16. Nxd6 Rxd6 17. Qe2 Rfd8 18. Red1 Ne7 19. Ne5 Bxg2 20. Kxg2 Nf5 21.
Qe4 Nd4 22. c3 Nc6 23. Nxc6 Qxc6 24. Qxc6 Rxc6 25. Rd2 Rcd6 26. Rbd1 e5 27.
fxe5 Bxe5 28. d4 Bg7 29. Be3 cxd4 30. Bxd4 f5 31. Be3 Rxd2+ 32. Rxd2 Rxd2+ 33.
Bxd2 Kf7 34. Bf4 Ke6 35. Kf3 b5 36. Ke2 Kd5 37. Kd3 Be5 38. b3 Bxf4 39. c4+ Kc5
40. gxf4 a5 41. h4 b4 42. Ke3 h6 43. Kd3 h5 44. Ke3 a4 45. Kd3 axb3 46. axb3
Kc6 47. Kd4 Kd6 48. c5+ 1-0

[Event "Ïåðâåíñòâî Ìîñêâû "]
[Site "ÐœÐ¾Ñ�ÐºÐ²Ð°"]
[Date "2017.11.18"]
[Round "8.20"]
[White "Ochirov, Lidzhi"]
[Black "Ivanov, Stepan"]
[Result "1/2-1/2"]
[WhiteElo "1638"]
[BlackElo "1580"]
[PlyCount "102"]
[EventDate "2017.11.11"]

1. d4 Nf6 2. c4 c5 3. d5 b5 4. cxb5 a6 5. bxa6 g6 6. Nc3 Bg7 7. e4 O-O 8. Nf3
Qa5 9. Nd2 Bxa6 10. Bxa6 Qxa6 11. Qe2 d6 12. a4 Nbd7 13. Ra3 Rfb8 14. b3 Rb4
15. Nb5 Bh6 16. f3 Ne5 17. O-O Qb6 18. Kh1 c4 19. f4 cxb3 20. fxe5 b2 21. exf6
Bxd2 22. Bxb2 Rxb2 23. Qf3 Qb7 24. Qg3 exf6 25. Qxd6 Bb4 26. Qxf6 Bxa3 27. Nxa3
Rb4 28. Nb5 Rf8 29. d6 Rxa4 30. Nc3 Ra5 31. Nd5 Rxd5 32. exd5 Qxd5 33. Re1 Qd2
34. Qe7 h5 35. d7 Kh7 36. Qe8 Qa5 37. Rf1 Qd8 38. Rxf7+ Rxf7 39. Qxf7+ Kh6 40.
Qe8 Qf6 41. Kg1 Qd4+ 42. Kf1 Qd1+ 43. Kf2 Qd2+ 44. Kf3 Qd5+ 45. Ke3 Qg5+ 46.
Kd4 Qd2+ 47. Ke5 Qg5+ 48. Ke6 Qf5+ 49. Ke7 Qg5+ 50. Kf8 Qf6+ 51. Qf7 Qd8+
1/2-1/2